One-franchise Major League Sports Athletes - Statistics

General Stats
  • This quiz has been taken 29 times
  • The average score is 12 of 18
Answer Stats
Franchise Career years Answer % Correct
New England Patriots 2000-present Tom Brady
92%
Miami Dolphins 1983-1999 Dan Marino
85%
Los Angeles Lakers 1996-2016 Kobe Bryant
85%
Los Angeles Lakers 1979-1991, 1996 Magic Johnson
85%
Detroit Pistons 1981–1994 Isiah Thomas
81%
Brooklyn Dodgers 1947-1956 Jackie Robinson
77%
Boston Celtics 1979-1992 Larry Bird
77%
New York Giants 1981-1993 Lawrence Taylor
77%
Dallas Mavericks 1998-present Dirk Nowitzki
73%
Chicago Bears 1975-1987 Walter Payton
69%
Baltimore Orioles 1981-2001 Cal Ripken Jr.
62%
Kansas City Royals 1973-1993 George Brett
62%
Pittsburgh Penguins 1984-1997, 2000-2006 Mario Lemieux
62%
Minnesota Twins 1984–1995 Kirby Puckett
54%
Quebec Nordiques/Colorado Avalanche 1988-2009 Joe Sakic
50%
Montreal Canadiens 1942-1960 Maurice Richard
46%
Detroit Red Wings 1983-2006 Steve Yzerman
46%
New York Islanders 1973–1988 Denis Potvin
35%
No matching quizzes found
Score Distribution
Percent of People with Each Score
Percentile by Number Answered
Your Score History
You have not taken this quiz